000 00325pab a2200145 454500
008 180718b1987 xxu||||| |||| 00| 0 eng d
100 _aBhaskar, Danti
245 _aMagnitude of devastating drought
260 _c1987
300 _a4-5,33
362 _a29 Aug.
650 _aDrought
773 _aMainstream
909 _a7407
999 _c7407
_d7407